Numbers #1 - Statistics

General Stats
  • This quiz has been taken 61 times
    35 since last reset
  • The average score is 12 of 36
Answer Stats
Picture Hint Answer % Correct
Number (Rounded) 3
100%
Number of Stripes 13
81%
Number of Sides 6
74%
Rank in Alphabet 14
67%
Number of Liters 4
56%
Pillars of Islam 5
56%
Number "Invented" 0
48%
Number of Provinces 10
48%
Number of Elements 118
44%
Amount of Pieces 26
44%
Number of Countries 45
44%
Number of Crayons 12
41%
Solve 125
41%
Number of Stars 27
41%
Main Islands 8
37%
Number of Cubes 20
33%
Number of Countries 54
33%
Number of Colors 7
33%
Number of Prongs 4
30%
Official Languages 12
26%
Hypotenuse 9
26%
Number of Cups 16
19%
Number of Islands 0
15%
Number of Triangles 18
15%
Rank in Alphabet 24
15%
Main Islands 5
15%
Number of People 764
15%
Number of Provinces 0
11%
Total 21
11%
Number of Triangles 24
11%
Newest Phone 17
7%
Countries Ruled 124
4%
Number of Letters 28
4%
Number of Doors 412
4%
Population (Millions) 67
4%
Number of Sides 14
0%
No matching quizzes found
Score Distribution
Percent of People with Each Score
Percentile by Number Answered
Your Score History
You have not taken this quiz since the last reset